Wieksze miasta australi - Statystyki

Ogólne statystyki
  • Ten quiz został rozwiązany 17 razy
  • Średni wynik to 5 z 7
Statystyki odpowiedzi
Hint Odpowiedź % Poprawnych
Opera w ... Sydney
100%
Stolica Canbera
86%
Pe... Perth
86%
Bris... Brisbane
79%
Melbro... Melbroune
50%
New... Newcastle
36%
Adela... Adelade
14%
Nie znaleziono quizów pasujących do podanych kryteriów
Rozkład punktacji
Procent ludzi z każdym wynikiem
Percentyl według liczby udzielonych odpowiedzi
Twoja historia wyników
Nie rozwiązałeś tego quizu